000 00281nam a2200121Ia 4500
005 20251222154430.0
008 251222s9999||||xx |||||||||||||| ||spa||
020 _a978-84-291-7902-6
082 _a540/B16
100 _a"Baird, Colin"
245 0 _aQuĂ­mica ambiental
942 _cLIB
999 _c36390
_d36390